000 00708nam a2200241Ia 4500
001 Z_5782
003 CHAP
008 220113s2009 xx 000 0 und d
010 _a168979
040 _cCHAP
090 _aTesis A 2112
100 _aArce Vázquez, Néstor
_96778
245 _aDescripción del manejo de los animales en la granja porcina de ciclo completo "La providencia", Teocuitatlán, Jalisco /
_cNéstor Arce Vázquez
260 _aChapingo, Méx. :
_bEl autor,
_c2009
300 _a39 h.
502 _aTesis (Ing. Agr. Esp. en Zootecnia) -- UACH. Departamento de Zootecnia
901 _aTESIS A 2112
902 _aA
910 _a2009
942 _c2
942 _c2
999 _c168979
_d168979